000
00176nam a2200097Ia 4500
100
_a
#N/A
942
_c
BK
245
_a
Operations Research
260
_b
#N/A
546
_a
ENGLISH
999
_c
32226
_d
32226